000
00318 a2200145 4500
001
177796
020
_a
040
_c
Magnum
100
_a
Cripwell, K.r.
240
1
0
_a
The titanic is sinking
_l
ING
245
1
0
_a
The titanic is sinking
362
0
_a
1899
697
_a
MAGNITO: LITERATURA ESTRANGEIR
942
_c
BK
999
_c
177796
_d
177796